000 00321nam a22001337a 4500
005 20231218111539.0
008 231218b ||||| |||| 00| 0 eng d
040 _cAL
041 _aEnglish
082 _223
_a510
_bSIDT
100 _aSiddappa and others
_9146281
245 _aText book of Mathematics
942 _2ddc
_cBK
999 _c229513
_d229513